000 00465cam a2200145 4500500
005 20251012032531.0
041 _afre
042 _adc
100 1 0 _aLe Moing, Monique
_eauthor
245 0 0 _aDalila Kerchouche, Mon père, ce harki, Seuil, 2003, 262 pages.
260 _c2004.
500 _a72
786 0 _nSigila | 14 | 2 | 2004-12-20 | p. 187-188 | 1286-1715
856 4 1 _uhttps://shs.cairn.info/revue-sigila-2004-2-page-187?lang=fr&redirect-ssocas=7080
999 _c1547600
_d1547600